[Event "EU-ch 12th"]
[Site "Aix les Bains"]
[Date "2011.03.22"]
[Round "1"]
[White "Mazur, Stefan"]
[Black "Moiseenko, Alexander"]
[Result "0-1"]
[WhiteElo "2388"]
[BlackElo "2673"]
[Annotator "Marchand,A/Primel,D"]
[PlyCount "100"]
[EventDate "2011.03.22"]
[EventType "swiss"]
[EventRounds "11"]
[EventCountry "FRA"]
[SourceTitle "CBM 142 Extra"]
[Source "ChessBase"]
[SourceDate "2011.06.27"]
[SourceVersion "1"]
[SourceVersionDate "2011.06.27"]
[SourceQuality "1"]
[TimeControl "40/5400+30:1800+30"]

1. e4 c5 2. Nf3 Nc6 3. d4 cxd4 4. Nxd4 e5 5. Nb5 d6 6. N1c3 (6. c4 Be7 7. N1c3
a6 8. Na3 Be6 9. Nc2 Rc8 10. Nd5 Bg5 11. Nce3 Nge7 12. Bd3 O-O 13. O-O Nd4 14.
b3 g6 15. Bb2 b5 $1 $132) 6... a6 7. Na3 Be7 (7... b5 {La grande ligne qui
laisse l'option de transposer dans une B33} 8. Nd5 Nge7 (8... Nf6 {B33})) 8.
Nc4 b5 (8... Nf6 9. Be3 (9. Bg5) 9... b5 10. Nb6 (10. Bb6) 10... Rb8) 9. Ne3 {
[%csl Gd5]} Nf6 10. g3 (10. Bd3) (10. Ned5 Nxd5 11. Nxd5 (11. exd5 Nb8 12. Be2
O-O 13. O-O f5 $13 {Aagaard}) 11... O-O 12. a4 Rb8 13. axb5 $14 {Dragicevic,D 
(2298)-Bator,R (2461) SWE-chT 0506 2005 (11) 0-1} (13. Bd3 $5 {[%csl Gf5]}))
10... O-O (10... h5 11. Bg2 h4) 11. Bg2 b4 12. Ncd5 Nxd5 13. Nxd5 Bg5 14. Bxg5
Qxg5 15. O-O (15. a3 $5 bxa3 16. Rxa3 $14) 15... Rb8 16. f4 (16. Qd3 {Moins
risqué} a5 17. a3 Be6 (17... bxa3 18. Qxa3 $14) 18. axb4 axb4 ({RR} 18... Nxb4
19. Nxb4 Rxb4 20. Qxd6 Rd8 21. Qc7 Rc8 22. Qxa5 {1/2-1/2 Brkic,A (2587)
-Sebenik,M (2529)/Zagreb 2012/Mega2012 Update 11}) 19. Ra6 Rfc8 20. c3 Qd8 21.
Rd1 g6 22. Ne3 Rb6 23. h4 h5 24. Kh2 bxc3 25. bxc3 Ne7 26. Rxb6 Qxb6 27. Bh3
Bxh3 28. Kxh3 Kg7 29. Kg2 Qc6 30. c4 Ng8 {Nepomniachtchi,I (2730)-Ivanchuk,V 
(2775)/Moscow 2011/EXT 2012/1/2-1/2 (76)}) 16... Qd8 17. f5 Kh8 18. f6 $5 $146
(18. Qd2 f6 19. g4 a5 20. Kh1 Ba6 21. Rf3 Bc4 22. c3 bxc3 23. bxc3 Bxd5 24.
Qxd5 Ne7 25. Qd2 Rb6 26. Rd1 Qc7 27. h4 Rfb8 28. g5 Qc4 29. Rg3 d5 30. Qd3 Qxa2
31. exd5 Rb1 32. Rxb1 Qxb1+ {Muhren,B (2303)-Moiseenko,A (2646)/Kemer 2007/CBM
121/0-1 (47)}) 18... g6 19. Qd2 {[%cal Gd2h6]} Be6 20. Rad1 (20. Qh6 Rg8 21.
Rad1) (20. a3 $5 $146 {[%csl Ga1] Cornette}) 20... Bxd5 $1 21. exd5 Nd4 {
[%csl Gd4] Le N central sera difficile а déloger sans affaiblir la position
Blanche} 22. Rde1 (22. c3) 22... Rg8 (22... Qc8 23. Re4 Rg8 (23... Qxc2 24. Qh6
{[%cal Ge4h4]}) 24. Qh6 {[%cal Gh6h7,Ge4h4]} Qf8 $8) 23. Re4 {[%cal Ge4h4]} Nf5
24. g4 Nh4 25. g5 {[%csl Rh4]} Nf5 (25... Qb6+ {[%cal Gb6b4,Gb6g1]}) (25...
Nxg2 $143 26. Qxg2 {[%cal Ge4h4,Gh4h7]} Qb6+ 27. Kh1 {[%cal Ge4h4,Gh4h7]} Rgc8)
26. Bh3 (26. Rxb4) 26... Qc8 (26... Nd4) 27. Qf2 Rb5 28. Rh4 {Menaçant mat en
03!} Qc5 $8 {[%csl Rf2][%cal Gc5f2,Gc5g1]} (28... Rc5 29. Bxf5 gxf5 30. Rxh7+
Kxh7 31. Qh4+ Kg6 32. Qh6#) 29. Qxc5 Rxc5 $132 {[%csl Rc2]} 30. Rxb4 Ne3 31.
Rf2 Rxd5 32. Rb3 Rd1+ 33. Bf1 Re1 34. Rf3 Nxc2 $13 {[%csl Gd6][%cal Gd6d1] Si
les Noirs ont le temps de mobiliser la Rg8, ils vont prendre l'initiative avec
le centre fort} 35. Rfc3 Nd4 36. Rb7 {[%csl Rf7]} Ra1 37. Kf2 Ne6 38. h4 (38.
Rxf7 $2 Nxg5) 38... Nc5 {[%cal Gc5e4]} 39. Rxc5 dxc5 40. Bxa6 Rxa2 41. Bc4 {
[%cal Gc4a2,Gc4f7]} Ra4 42. b3 Ra2+ 43. Kg3 Rc2 44. Rd7 (44. Bxf7 Rc3+ 45. Kf2
Ra8 $40 {[%csl Rf2][%cal Ga8a2]}) 44... Rc3+ 45. Kg4 h5+ 46. gxh6 Rb8 47. h5
gxh5+ 48. Kh4 Kh7 49. Rxf7+ $2 (49. Kxh5 Rh3+ 50. Kg4 Rxh6 51. Kf5 $44 {
[%csl Gf5,Rh7]} (51. Rxf7+ Kg6)) 49... Kxh6 50. Re7 Rd8 {Dominique PRIMEL} 0-1

[Event "ROM-chT"]
[Site "Sovata"]
[Date "1999.04.16"]
[Round "2"]
[White "Iordachescu, Viorel"]
[Black "Cosma, Ioan"]
[Result "1/2-1/2"]
[WhiteElo "2539"]
[BlackElo "2473"]
[Annotator "Marin,M"]
[PlyCount "138"]
[EventDate "1999.04.16"]
[EventType "team"]
[EventRounds "5"]
[EventCountry "ROU"]
[SourceTitle "EXT 2000"]
[Source "ChessBase"]
[SourceDate "1999.11.16"]
[SourceVersion "1"]
[SourceVersionDate "1999.11.16"]
[SourceQuality "1"]

1. e4 c5 2. Nf3 Nc6 3. d4 cxd4 4. Nxd4 Qc7 5. Nb5 Qb8 6. g3 a6 7. N5c3 e6 8.
Bg2 Bc5 9. O-O Nf6 10. Bf4 Ne5 11. a4 d6 12. a5 Qc7 13. Nd2 Bd7 14. Nb3 Ba7 15.
Qe2 h6 16. Kh1 Rc8 17. h3 O-O 18. Bc1 Rfd8 19. f4 Nc4 20. g4 Be8 21. f5 Qe7 22.
g5 hxg5 23. Bxg5 Ne5 24. Qe1 Bc6 25. Rd1 Ned7 26. Qh4 e5 27. Rd3 Nf8 28. Rg3
N8h7 29. Bh6 Qf8 30. Nd2 Kh8 31. Bxg7+ Qxg7 32. Rxg7 Kxg7 33. Nf3 Kf8 34. Rd1
Ke7 35. Ne1 Rg8 36. Nd3 Rg5 37. Qe1 Rcg8 38. Rd2 Rh5 39. Nb4 Ng5 40. Nxc6+ bxc6
41. Rd3 Rgh8 42. Qe2 Nxh3 43. Rxh3 Rxh3+ 44. Bxh3 Rxh3+ 45. Kg2 Nh5 46. Kxh3
Nf4+ 47. Kg4 Nxe2 48. Nxe2 d5 49. Kf3 Kd6 50. Nc1 f6 51. Nd3 Bb8 52. b3 c5 53.
Nf2 Bc7 54. exd5 Kxd5 55. Ne4 Bxa5 56. Nxf6+ Kd4 57. Ne4 Bd8 58. c3+ Kd3 59.
Nxc5+ (59. c4 Kc2 (59... a5 60. Nxc5+ Kc3 61. Nb7 Be7 62. Ke4 (62. c5 Kd3 63.
c6 e4+ 64. Kf4 e3 65. c7 e2 66. c8=Q e1=Q 67. Qc4+ $16) 62... Kxb3 63. c5 a4
64. c6 a3 65. c7 a2 66. c8=Q a1=Q 67. Qe6+ $18) 60. Nxc5 Be7 61. Nxa6 Kd3 $3 (
61... Kxb3 62. c5) 62. c5 e4+ 63. Kg2 e3 64. c6 e2 65. c7 e1=Q 66. c8=Q Qe2+
$11) 59... Kxc3 60. Ke4 a5 61. Kxe5 Be7 62. Kd5 Kb4 63. Nb7 Bh4 64. Ke6 Bg5 65.
Kd7 Bh4 66. Kc6 Bg5 67. Kb6 Bh4 68. Ka6 Kxb3 69. Nxa5+ Kb4 1/2-1/2

[Event "Khanty-Mansiysk FIDE GP"]
[Site "Khanty-Mansiysk"]
[Date "2015.05.17"]
[Round "4"]
[White "Dominguez Perez, Leinier"]
[Black "Nakamura, Hikaru"]
[Result "1/2-1/2"]
[WhiteElo "2734"]
[BlackElo "2799"]
[Annotator "Marin,M"]
[PlyCount "46"]
[EventDate "2015.05.14"]
[EventType "tourn"]
[EventRounds "11"]
[EventCountry "RUS"]
[EventCategory "21"]
[SourceTitle "CBM 167"]
[Source "ChessBase"]
[SourceDate "2015.07.13"]
[SourceVersion "1"]
[SourceVersionDate "2015.07.13"]
[SourceQuality "1"]

1. e4 {[%emt 0:00:04]} c5 {[%emt 0:00:07]} 2. Nf3 {[%emt 0:00:07]} Nc6 {
[%emt 0:00:03]} 3. d4 {[%emt 0:01:55]} cxd4 {[%emt 0:00:12]} 4. Nxd4 {[%emt 0:
00:06]} e5 {[%emt 0:00:04]} ({The variation played in this game bears some
similarity with the following Paulsen line, favured by Fischer in his best
years:} 4... e6 5. Nb5 d6 6. Bf4 e5 7. Be3 {In this line, too, the bishop does
not have access to g5 as in the Sveshnikov, but the situation is slightly
better for Black: he does not need to commit himself to ...Be7 since White has
moved with his dark-squared bishop first..} Nf6 8. N1c3 ({Later Fischer
switched to} 8. Bg5 {, winning two games during the Candidates' quarterfinal
with Taimanov. But the first game of the same cycle's final (and Fischer's
last one ever with this line) cast some doubt over White's strategy:} Be6 9.
N1c3 a6 10. Bxf6 gxf6 11. Na3 {In those years, the Sveshnikov Sicilian was
considered dubious. In the current position Black is a tempo up (...Be6), but
he needs to act with energy to avoid a mere transposition after, for instance,
11...b5 12.Nd5 f5 13.exf5 Bxf5, returning the gained tempo. Taimanov's} d5 {
1-0 (40) Fischer,R (2760)-Petrosian,T (2640) Buenos Aires 1971}) 8... a6 9. Na3
b5 ({More active than} 9... Be7 {, which would transpose to our main game.})
10. Nd5 Nxd5 11. exd5 Ne7 12. c4 Nf5 {1/2-1/2 (24) Fischer,R-Pachman,L Buenos
Aires 1960}) 5. Nb5 {[%emt 0:01:00]} d6 {[%emt 0:00:06]} 6. N1c3 {[%emt 0:02:
58]} a6 {[%emt 0:00:06]} 7. Na3 {[%emt 0:00:06]} Be7 {[%emt 0:00:04]} ({
A half-waiting move, delaying} 7... Nf6 {which would transpose to a Sveshnikov
after} 8. Bg5) 8. Be3 {[%emt 0:12:02]} Nf6 {[%emt 0:02:13]} 9. Nc4 {[%emt 0:00:
07]} b5 {[%emt 0:00:04]} 10. Nb6 {[%emt 0:00:03] The bishop proves useful here,
by allowing the exchange of the c8-bishop, an important defender of the
d5-square. However, this exchange is time-consuming, allowing Black to
compensate dynamically for the strategic concession.} Rb8 {[%emt 0:00:04]} 11.
Nxc8 {[%emt 0:00:04]} Qxc8 {[%emt 0:00:05]} 12. Be2 {[%emt 0:03:44]} O-O {
[%emt 0:01:33]} 13. O-O {[%emt 0:00:06]} (13. a3 {weakens the queenside and
can be met with} Na5 {[%csl Ga3,Gb2][%cal Ga5c4]}) 13... b4 {[%emt 0:01:00]}
14. Nd5 {[%emt 0:00:33]} Nxe4 {[%emt 0:07:48]} 15. a3 {[%emt 0:14:17]} Bd8 {
[%emt 0:00:06]} 16. axb4 {[%emt 0:24:58]} Nxb4 {[%emt 0:02:09] Black's extra
pawn compensates for the weakness of the light squares.} 17. Nxb4 $146 {
[%emt 0:00:35] This novelty does not change the evaluation of the variation as
safe for Black.} (17. c3 Nxd5 18. Qxd5 Rxb2 19. Bxa6 Nxc3 20. Qxd6 Qe6 21. Qxe6
fxe6 22. Bc8 Ne2+ 23. Kh1 Nd4 {Caruana,F (2796)-Akash,G (2340) Tromsoe 2013 (1/
2-1/2, 57)}) (17. Ra4 a5 18. Nxb4 axb4 19. Qd5 Nc5 20. Ra2 Qe6 {Shomoev,A 
(2560)-Shariyazdanov,A (2572) Khanty-Mansiysk 2013 (1/2-1/2, 41)}) 17... Rxb4 {
[%emt 0:00:06]} 18. Bxa6 {[%emt 0:00:28]} Qc6 {[%emt 0:06:43]} 19. Bd3 {
[%emt 0:05:28]} Rxb2 {[%emt 0:23:37]} 20. Ra6 {[%emt 0:04:44]} Qb7 {[%emt 0:01:
42]} 21. Ra7 {[%emt 0:01:12]} Qc6 {[%emt 0:00:47]} 22. Ra6 {[%emt 0:03:41]} Qb7
{[%emt 0:00:15]} 23. Ra7 {[%emt 0:00:07]} Qc6 {[%emt 0:00:04]} 1/2-1/2

[Event "Bundesliga 0203"]
[Site "Germany"]
[Date "2003.03.29"]
[Round "14.1"]
[White "Grischuk, Alexander"]
[Black "Hracek, Zbynek"]
[Result "1-0"]
[WhiteElo "2712"]
[BlackElo "2601"]
[Annotator "McShane,L"]
[PlyCount "43"]
[EventDate "2002.10.19"]
[EventType "team-tourn"]
[EventRounds "15"]
[EventCountry "GER"]
[SourceTitle "CBM 095"]
[Source "ChessBase"]
[SourceDate "2003.07.25"]
[SourceVersion "1"]
[SourceVersionDate "2003.07.25"]
[SourceQuality "1"]
[WhiteTeam "Luebeck"]
[BlackTeam "Werder Bremen"]
[WhiteTeamCountry "GER"]
[BlackTeamCountry "GER"]

1. e4 c5 2. Nf3 Nc6 3. d4 cxd4 4. Nxd4 Qc7 5. c4 Nf6 ({Black can also win a
pawn with} 5... Qe5 {but in Reykjavik in 2000, I witnessed Grischuk winning
another pretty miniature against Tomas Oral from this position in similar
style.}) 6. Nc3 Nxe4 7. Nxe4 Qe5 8. Nb5 Qxe4+ 9. Be2 Qe5 10. f4 Qb8 11. O-O {
White gains a considerable initiative for the sacrificed pawn, but still has
to break through Black's solid defensive position.} e6 12. f5 a6 13. Nc3 Bd6
14. Ne4 $1 {Handing Black another pawn to keep the momentum going in the
attack.} Bxh2+ 15. Kh1 Be5 16. f6 {This pawn is a critical wedge in the attack.
} g6 17. Be3 d5 {In turn, Black sacrifices a pawn to facilitate his
development.} 18. cxd5 exd5 19. Qxd5 O-O {It looks like Black is over the
worst, but the f6-pawn is still a force to be reckoned with, and Grischuk
finds a cunning way forward.} 20. Qd2 $1 {Heading for h6!} Rd8 21. Qc1 $1 ({
Black's position is by no means without resources. Grischuk's miniature would
have been ruined by the carelessly flashy} 21. Bd4 $2 {due to the surprising
counterblow} Bf4 $1 {when Black stands much better.}) 21... Be6 (21... Bf5 {
was better, but White should still win by} 22. Ba7 $1 (22. Bc5 $2 Bxe4 23. Qh6
Bxf6 $19) 22... Rd1 $5 {(enabling Qb8-f8 in future)} 23. Bxd1 Rxa7 24. Rxf5 $1
gxf5 25. Qg5+ {with a decisive attack.}) 22. Bc5 $1 {Qh6 and mate is
unstoppable. Hracek later told me that Grischuk admitted this game was the
product of 'childhood analysis'!} 1-0

[Event "Metz op 30th"]
[Site "Metz"]
[Date "2012.04.20"]
[Round "8"]
[White "Korneev, Oleg"]
[Black "Cornette, Matthieu"]
[Result "0-1"]
[WhiteElo "2597"]
[BlackElo "2545"]
[Annotator "Metz Alekhine/Primel,D"]
[PlyCount "108"]
[EventDate "2012.04.14"]
[EventType "swiss"]
[EventRounds "9"]
[EventCountry "FRA"]
[SourceTitle "EXT 2013"]
[Source "ChessBase"]
[SourceDate "2012.11.22"]
[SourceVersion "1"]
[SourceVersionDate "2012.11.22"]
[SourceQuality "1"]

1. e4 c5 2. Nf3 Nc6 3. d4 cxd4 4. Nxd4 e5 5. Nb5 d6 6. N1c3 a6 7. Na3 Be7 8.
Nc4 b5 9. Ne3 Nf6 10. Bd3 (10. g3 O-O 11. Bg2 b4 12. Ncd5 Nxd5 13. Nxd5 Bg5 14.
Bxg5 Qxg5 15. O-O Rb8 16. Qd3 a5 17. a3 Be6 18. axb4 Nxb4 19. Nxb4 Rxb4 20.
Rxa5 Rxb2 21. Qxd6 Rxc2 22. Rxe5 Qd2 23. Qxd2 Rxd2 24. Rc5 Rb8 25. Rcc1 g6 26.
Rfd1 Ra2 27. Rb1 Rc8 28. Ra1 Rb2 29. Rac1 Ra8 30. Rb1 {1/2-1/2 (30) Karjakin,S
(2779)-Radjabov,T (2788) Astana 2012}) 10... Nb4 11. Be2 O-O 12. O-O Be6 13. a3
Nc6 14. Ned5 Nd4 15. Nxe7+ Qxe7 16. Bd3 {Garder la paire de B vaut-il la peine
de dépenser 03 tempi?} h6 $1 17. Be3 Nc6 $1 18. h3 $146 (18. Be2 Na5 19. b3 Qc7
20. Nd5 Bxd5 21. exd5 Nb7 22. a4 b4 23. Qd2 a5 24. f3 Nc5 25. Rac1 Nfd7 26. Bb5
Rac8 27. Rfe1 f5 28. Bf2 Kh8 29. Qd1 Qd8 30. c3 bxc3 31. Rxc3 e4 32. f4 Nf6 33.
h3 Rf7 34. Be3 Rfc7 {1/2-1/2 (34) Swiercz,D (2540)-Kempinski,R (2600) Warsaw
2011}) 18... Rad8 (18... Na5) (18... Rac8) 19. Qf3 d5 $132 20. exd5 Nxd5 21.
Nxd5 Bxd5 22. Qf5 g6 23. Qg4 Kg7 24. b4 {Bizarre} (24. c4) 24... f5 25. Qg3 Qf6
26. Bc5 (26. Bb6 f4 $36 {[%csl Gd5,Rg3][%cal Gf4f3]}) 26... e4 $40 27. Bxf8+
Rxf8 28. Bxe4 {Un beau paradoxe avec ce B qui a perdu beaucoup de temps dans
l'ouverture pour ne pas être échangé contre un N et qui doit maintenant se
sacrifier!} Bxe4 29. Qe3 Qd4 30. Qxd4+ Nxd4 31. Rfd1 $6 (31. Rad1) 31... Nxc2
32. Ra2 f4 33. Rd2 Rc8 34. Rd7+ Kf6 35. Rd6+ Ke5 36. Rxa6 Kd4 $19 {[%csl Ra2,
Rg1]} 37. Rb2 Kc3 38. Rb1 Ra8 39. Re6 Bd3 40. Rc6+ Kd2 41. Rb3 Nd4 42. Rb2+ Bc2
43. Rxg6 Rxa3 44. Rxh6 Kc3 45. Rxc2+ Nxc2 46. Rc6+ Kb3 47. Rf6 Kxb4 48. Rxf4+
Kc3 49. Rf8 b4 50. Rc8+ Kd3 51. h4 b3 52. Rb8 Nd4 53. h5 Ra5 54. h6 Ne2+ 0-1

[Event "Metz op 30th"]
[Site "Metz"]
[Date "2012.04.18"]
[Round "7"]
[White "Cornette, Matthieu"]
[Black "Pap, Misa"]
[Result "1-0"]
[WhiteElo "2545"]
[BlackElo "2501"]
[Annotator "Metz Alekhine/Primel,D"]
[PlyCount "63"]
[EventDate "2012.04.14"]
[EventType "swiss"]
[EventRounds "9"]
[EventCountry "FRA"]
[SourceTitle "EXT 2013"]
[Source "ChessBase"]
[SourceDate "2012.11.22"]
[SourceVersion "1"]
[SourceVersionDate "2012.11.22"]
[SourceQuality "1"]

1. e4 {01h30} c5 2. Nf3 Nc6 3. d4 cxd4 4. Nxd4 e5 {Il est intéressant de voir
le système choisi par le français car il est l'auteur d'une monographie sur
cette défense} 5. Nb5 d6 6. N1c3 (6. c4) 6... a6 7. Na3 b5 8. Nd5 Be7 (8...
Nce7) (8... Nf6) 9. c4 b4 10. Nc2 Rb8 11. g3 {89} (11. Be3) (11. b3) (11. Be2
Nf6 12. Bf3 O-O 13. O-O a5 14. b3 Nd7 15. Be3 Nc5 16. Qd2 h6 17. g3 Bg5 18. Bg2
Bxe3 19. Ndxe3 a4 20. Rab1 axb3 21. axb3 Na5 22. Na1 Nc6 23. Nac2 Na5 24. Na1 {
1/2-1/2 (24) Kryvoruchko,Y (2609)-Pap,M (2509) Paleochora 2010}) 11... Nf6 12.
Bg2 {80} b3 {72} (12... O-O 13. O-O) 13. axb3 Na5 {65} (13... Nxd5 14. Qxd5 Qb6
15. O-O) 14. Nxe7 Kxe7 15. b4 $146 {50 Une forte nouveauté} (15. Bg5 Nxb3 16.
Ra3 h6 17. Bxf6+ gxf6 18. O-O h5 19. h4 Bg4 20. Qe1 Qb6 21. Kh1 Be6 22. f4 exf4
23. Rxf4 Nc5 24. b4 Nd7 25. Qa1 Bxc4 26. Ne3 Rhc8 27. e5 Be6 28. exf6+ Kd8 29.
Qd1 Ne5 30. Ra5 Ke8 31. Re4 Rc3 32. Nd5 Rd3 33. Qa4+ Qc6 34. Qxc6+ Nxc6 35.
Rxa6 Kd7 36. Nf4 Rxg3 37. Nxe6 fxe6 38. Rc4 Nd8 39. Ra7+ Ke8 40. Rh7 Rg8 41.
Bf3 Kf8 42. Bxh5 Ra8 43. Rc2 Rg3 44. Kh2 Kg8 {Lanka,Z (2575)-Mrva,M (2410)
Cappelle la Grande 1997 1-0}) 15... Nxc4 {64} 16. O-O (16. Qd3) 16... h6 {
[%csl Rf5] Empêche Bg5 mais affaiblit la case "f5"} 17. b3 Nb6 18. Ne3 $16 {
[%csl Gd5][%cal Ge3f5]} (18. b5 $5 axb5 19. Ba3 {[%csl Re7][%cal Gd1d3,Ga1d1,
Gf2f4] Cornette}) 18... Qc7 19. Bb2 {[%cal Ga1c1]} Rd8 20. f4 $1 {Probablement
plus précis que le coup naturel Rc1} Be6 21. Qe2 (21. Qd3 $142 $5 {[%cal Gd3b3,
Gd3e4,Gd3a6]}) 21... Nbd7 22. Rfc1 {30} Qb7 {26} 23. Rxa6 Ra8 24. b5 $1 $40
Rxa6 25. bxa6 Qb6 26. Kh1 Ra8 27. Ra1 {Le P a6 est monstrueux et le gain Blanc
ne devrait pas tarder} g6 28. Nd5+ Bxd5 29. exd5 Kf8 30. fxe5 dxe5 31. b4 Kg8
32. b5 1-0

[Event "EU-chT (Men) 11th"]
[Site "Pula"]
[Date "1997.05.??"]
[Round "9.2"]
[White "Gallagher, Joseph G"]
[Black "Mohr, Georg"]
[Result "1/2-1/2"]
[WhiteElo "2545"]
[BlackElo "2495"]
[Annotator "Milov,V"]
[PlyCount "97"]
[EventDate "1997.05.05"]
[EventType "team-swiss"]
[EventRounds "9"]
[EventCountry "CRO"]
[SourceTitle "CBM 057 Extra"]
[Source "ChessBase"]
[SourceDate "1997.05.01"]
[SourceVersion "1"]
[SourceVersionDate "1997.05.01"]
[SourceQuality "1"]
[WhiteTeam "Switzerland"]
[BlackTeam "Slovenia"]
[WhiteTeamCountry "SUI"]
[BlackTeamCountry "SLO"]

1. e4 c5 2. Nf3 Nc6 3. d4 cxd4 4. Nxd4 e5 5. Nb5 d6 6. c4 {The most popular
line in this variation. Nb1-c3 is the other option for White} Be7 7. N1c3 a6 8.
Na3 Be6 9. Bd3 Bg5 {Generally speaking,in the opening it's not recommended to
make a few moves with the same piece but in this position Black's last move is
absolutely correct. He starts fighting for the central square d4} 10. O-O Bxc1
11. Rxc1 Nf6 12. Nc2 O-O 13. b4 Rc8 14. Nd5 Nd7 15. Qd2 {White stands more
actively and can count on the active play in the centre and on the queen side.
His only problem is that Knight c2 has to and doesn't let White develop it's
initiative so easily. Black has to be carefull and at the right moment
exchange his Bishop for the Knight on d5.} Ne7 16. Kh1 Nb6 (16... Bxd5 17. exd5
f5 $140 18. f4 $16) 17. Nce3 Nexd5 $2 {A very serious mistake that allows
White to gain a big advantage.} (17... Nc6 $5 {would have been a better try
with about equal chances}) 18. exd5 Bd7 19. c5 (19. f4 $5 exf4 20. Rxf4 {
also deserves a serious attention}) 19... Na4 20. c6 bxc6 21. Bxa6 Rc7 22. Qc2
c5 (22... Nb6 23. b5 c5 24. a4) 23. b5 Nb6 24. a4 Ra7 25. Rb1 Na8 26. Qe2 {
Two passed pawns plus a wonderful square c4 for the Knight don't promise Black
much chances for surviving} Nc7 27. b6 $1 Rxa6 28. bxc7 Qa8 29. Rb8 $1 Qa7 30.
Rd8 $1 (30. Rfb1 Rxa4 31. Rxf8+ Kxf8 32. Rb8+ Ke7 33. c8=N+ Bxc8 34. Rxc8 Ra1+
35. Nf1 Qa2 $1 $19 {(J.Gallagher)}) 30... Bc8 31. Qb5 $2 {It's a pity,White
misses a very beautiful win} (31. Nf5 $3 Bxf5 (31... Qxc7 32. Rxc8 $1 $18) 32.
Qb5 Qxc7 (32... Bc8 33. Qe8) (32... h6 33. Qb8 $18) 33. Rxf8+ Kxf8 34. Qxa6 {
(J.Gallagher)}) 31... Qxc7 {Joe told me that he simply overlooked this move}
32. Rxf8+ Kxf8 33. Rb1 Ra7 34. Nc4 Bd7 (34... Rb7 35. Nb6) 35. Qb8+ Qxb8 36.
Rxb8+ Ke7 37. a5 {Now White is a pawn down but it's passed pawn allowes create
counterplay that would be enough for a draw} Bf5 38. Rb6 Bd3 39. a6 Ra8 (39...
Bxc4 $4 40. Rb7+) 40. Rb7+ Kf6 41. Nxd6 Rxa6 42. Ne8+ Kg6 43. h3 Ra8 44. Nd6
Rd8 45. Rb6 f6 46. Rc6 Bb1 47. Nc8 Be4 48. Rxc5 Kg5 49. Nb6 1/2-1/2